| 000 | 00889nam a22002777a 4500 | ||
|---|---|---|---|
| 001 | 4271 | ||
| 003 | FISKH | ||
| 005 | 20240711100922.0 | ||
| 008 | 240711b cb ||||| |||| 00| 0 eng d | ||
| 020 | _a9780439425032 | ||
| 040 |
_aFISKH _beng _cFISKH _dFISKH |
||
| 050 | _aQL638.G93 | ||
| 082 | _a597.3 | ||
| 100 | _aGuiberson, Brenda Z. | ||
| 245 |
_aSharks / _cBrenda Z. Guiberson |
||
| 250 | _aFirst Trade printing, August 2003 | ||
| 260 |
_aNew York : _bScholastic, _c2002 |
||
| 300 |
_a32 pages : _bcolor illustrations ; _c23 cm |
||
| 505 | _aM | ||
| 520 | _aPhotographs and easy text introduce sharks, their habitats, and behaviors, as well as detailing a few of the more than 350 varieties of sharks. | ||
| 521 | 8 |
_a530
_bLexile NC |
|
| 521 | 8 |
_aM
_bRaz-Plus |
|
| 650 |
_aOcean Animals _vScience _xMarine Life |
||
| 942 |
_2ddc _cBK _n0 |
||
| 999 |
_c4271 _d4271 |
||